Chakra Names - Statistics

General Stats
  • This quiz has been taken 8 times
  • The average score is 3 of 7
Answer Stats
Hint Answer % Correct
Green; centre of chest Heart
75%
Red; base of spine (tailbone area) Root
75%
Orange; Just below belly button Sacral
75%
Blue, the throat Throat
50%
Violet or White; top of head Crown
25%
Indigo; between the eyes on forehead Third Eye
25%
Yellow; upper abdomen (stomach area) Solar Plexus
0%
No matching quizzes found
Score Distribution
Percent of People with Each Score
Percentile by Number Answered
Your Score History
You have not taken this quiz